000
00335nam a2200145Ia 4500
008
150201s2010 xx 000 0 und d
082
_a
301
_b
S10I
100
_a
INDRANI, TK.
245
_a
TB. OF SOCIOLOGY FOR NURSES
250
_a
1ST
260
_b
JAYPEE
_a
INDIA
_c
2010
300
_a
263
650
_a
SOCIOLOGY
942
_2
ddc
_c
BK
_0
39
999
_c
2211
_d
2211